| 000 | 00764nam a22002177a 4500 | ||
|---|---|---|---|
| 999 |
_c18420 _d18420 |
||
| 003 | AR-CdUCM | ||
| 008 | 190514b ||||| |||| 00| 0 spa d | ||
| 040 |
_aMUNICIPALIDAD PROVINCIAL DEL CUSCO _cBIBLIOTECA MUNICIPAL DEL CUSCO |
||
| 082 |
_a540.7 / _bM26 |
||
| 100 |
_aMartínez, Jacinto S. M. _938993 |
||
| 245 |
_aQuímica : _bQuinto curso / |
||
| 260 |
_aEspaña : _bS. M. Madrid, _c1964. |
||
| 300 |
_a240 páginas ; _bGráficos, _c21 cm. |
||
| 505 | _aContenido : Clasificación de elementos -- Disoluciones y presión osmótica -- óxidos de carbono... | ||
| 650 |
_aAtomo _921055 |
||
| 650 |
_aBomba atómica _914441 |
||
| 650 |
_aDisociación electrolítica _938994 |
||
| 700 |
_aMarcos Constantino, S. M. _938995 |
||
| 942 |
_2ddc _cLIBROS |
||
| 945 | _arcc | ||